Vzdialená komunikácia s meracím pracoviskom

Salvato in:
Dettagli Bibliografici
Autore principale: Kubík, Michal (Autore)
Altri autori: Čičáková, Oľga, 1955- (Relatore della tesi)
Natura: Manoscritto Libro
Lingua:slovacco
Pubblicazione: Bratislava : STU v Bratislave FIIT, 2006
Soggetti:
Tags: Aggiungi Tag
Nessun Tag, puoi essere il primo ad aggiungerne!!

MARC

LEADER 00000ntm a22000003a 4500
001 stu139306
005 20180301105926.7
008 070327s2006----xo------------------slo-d
040 |a STU  |b slo 
041 0 |a slo 
044 |a xo 
100 1 |a Kubík, Michal  |4 aut 
245 1 |a Vzdialená komunikácia s meracím pracoviskom 
260 |a Bratislava :  |b STU v Bratislave FIIT,  |c 2006 
300 |a 70 s  |c príl. 
650 7 |a počítačové systémy a siete  |2 stusub 
700 1 |a Čičáková, Oľga,  |d 1955-  |4 ths  |u E040  |U FEI Fakulta elektrotechniky a informatiky  |T FEI Ústav elektrotechniky  |X 2041  |U E040  |Y 550  |7 A000002041 
996 |c I*DP19/06  |l II680  |s P  |a 0  |w stu139306_0001